| 000 | 00440nam a2200157Ia 4500 | ||
|---|---|---|---|
| 008 | 220803s9999 xx 000 0 und d | ||
| 020 | _a978-81-8498-062-2 | ||
| 041 | _aeng | ||
| 082 | _a891.46 CAN/VAK | ||
| 100 |
_aCanfield J _928008 |
||
| 245 | _aChicken Soup For The Teenage Soul | ||
| 260 |
_aPune _bMehta Publishing House-- _c2009 |
||
| 300 | _a218p | ||
| 650 |
_aMarathi Literature. _928009 |
||
| 700 |
_aCanfield J Vakil S Tr. _928010 |
||
| 999 |
_c17808 _d17808 |
||